Desarrollo infantil I y II. : Licenciatura en educación primaria : primer y segundo semestre. Programa para la transformación y el fortalecimiento académicos de las escuelas normales.

Kaydedildi:
Detaylı Bibliyografya
Müşterek Yazar: México. Secretaría de Educación Pública
Materyal Türü: Kitap
Dil:İspanyolca
Seri Bilgileri:(Programa y materiales de apoyo para el estudio)
Konular:
Etiketler: Etiketle
Etiket eklenmemiş, İlk siz ekleyin!

MARC

LEADER 00000nam^a2200000^u^4500
001 000533172
005 20250521000000.0
008 150326s10001000^^^^cr^^r^^^^^000^0^spa^d
009 20260310130928.21
022 |a 9701863348 
035 |a FCE 000077420 
037 |a Acervo ITESO - Biblioteca 
041 |a spa 
082 0 4 |a 370.73262  |b PTFAEN 1er y 2o. SEM DES 2002 
110 |a México. Secretaría de Educación Pública 
245 1 0 |a Desarrollo infantil I y II. :  |b Licenciatura en educación primaria : primer y segundo semestre. Programa para la transformación y el fortalecimiento académicos de las escuelas normales. 
264 |a México :  |b SEP,  |c 2002. 
300 |a 79 p. 
336 |a texto  |b txt  |2 rdacontenido 
337 |a sin mediación  |b n  |2 rdamedio 
338 |a volumen  |b nc  |2 rdasoporte 
440 0 |a (Programa y materiales de apoyo para el estudio) 
649 |a XX 
650 |a Desarrollo del niño 
650 |a Desarrollo infantil 
650 |a Desarrollo afectivo 
650 |a Programas de formación profesional 
650 |a Material complementario de lectura 
650 |a México 
910 |a Fondo Centro de Estudios Educativos 
920 |a Impresos - Libros 
930 |a Fondos Especiales 
905 |a 133 
901 |a ALE074626  |b IT2  |c CEE  |u 20250521 
901 |a ALE074772  |b IT2  |c CEE  |u 20250521 
902 |a https://opac.biblio.iteso.mx/vufind/Record/000533172